000 00749nam a2200217Ia 4500
003 GCL
008 140319s9999 xx 000 0 ara d
040 _aGCL /
_cGCL
082 0 4 _a953.0712
_bح ا
100 1 _aحمدى عبدالمنعم محمد حسين
245 1 0 _aاضواء جديدة حول ثورات طليطلة فى عصر الامارة الاموية 138_ 320 هـ \ 756_ 932 م /
_cحمدى عبدالمنعم محمد حسين
260 _a[S.N] :
_bمؤسسة شباب الجامعة ،
_c1988
300 _a104 ص
490 _a
650 0 4 _aتاريخ
650 0 4 _aالاندلس
650 0 4 _aالتاريخ الاسلامى
650 0 4 _aالدولة الاموية
650 0 4 _aطليطلة
942 _2ddc
_cBK
999 _c31844
_d31844